000 00808nam a2200229 a 4500
001 65498
003 BD-RjUL
005 20211209081431.0
008 170307s1997 bg |||| |||| 00| 0 ben d
020 _c Tk. : 70.00
035 _a(BD-RjUL)65628
040 _aBD-RjUL
_bben
_cBD-RjUL
041 _aben
082 _223
_a954.929
_bSWP 1997
100 1 _aস্বদেশ
_9170375
245 1 0 _aপাহাড়ের সন্তান /
_cস্বদেশ.
260 _aঢাকা :
_bপ্রোব বার্তা সংস্থা,
_c১৯৯৭.
300 _a১১৩ পৃ ;
_c১৮ সেমি.
651 _aপার্বত্য চট্টগ্রাম, বাংলাদেশ
_9193822
651 _aChittagong Hill Tracts, Bangladesh
_9193823
942 _2ddc
_cBK
999 _c65498
_d65498